000 00319 a2200133 4500
999 _c324297
_d324297
001 89224
003 NUST
082 _a891.4392 BAN
100 _aBanoo Qudsia
_99437
245 _aFoot Paath Ki Ghaas
260 _aLahore
_bSang-e-meel Publications
_c2008
300 _a632p.
500 _aGeneral Books
942 _aCAE NUST
_cBK
_k891.4392 BAN
_2ddc